Estadísticas para Países que hablan Español

Haz click aquí para tomar la prueba!

Estadísticas generales

  • Esta prueba ha sido tomada 8.353 veces
  • La puntuación promedio es 19 de 22

Estadísticas de respuestas

País% Correcto
España
99%
Argentina
99%
Chile
97%
Colombia
97%
Venezuela
96%
México
96%
Uruguay
95%
Paraguay
95%
Perú
94%
Bolivia
93%
Ecuador
92%
Cuba
91%
Panamá
90%
Costa Rica
87%
El Salvador
87%
Honduras
86%
Guatemala
85%
Nicaragua
84%
República Dominicana
82%
Belice
63%
Andorra
59%
Guinea Ecuatorial
52%

Distribución de puntuación

Porcentaje por número respondido

Porcentaje de gente con cada puntuación

Historial de tus puntuaciones

No has tomado esta prueba